00376nam a22001097a 450000500170000002000180001708200230003524500980005826000460015630000100020270000540021220250901114746.0 a9788196840020 a 320.540 954 DAS/H aHindu Rashtra : actritique/cedited by Sukanta Das ;Sudipta Bandhopadhyay and Abhik Mukherjee a. - Kolkatab: Sethu Prakashini,c, 2024 a304 p aDas, Sudipta; Bandhopadhyay and Mukherjee, Abhik